| 000 | 00443nam a2200169 a 4500 | ||
|---|---|---|---|
| 005 | 20230602063733.0 | ||
| 008 | 060801s1975 mx r 000 0 spa d | ||
| 035 | _aUPN01000145831 | ||
| 049 | _aCG | ||
| 050 | 4 |
_aPQ7297 S8.6 _bP3 |
|
| 100 | 1 |
_aSpota, Luis, _d1925-1985 _930041 |
|
| 245 | 1 | 0 |
_aPalabras mayores / _cLuis Spota. |
| 260 |
_aMéxico : _bGrijalbo, _c1975. |
||
| 300 | _a383 p. | ||
| 650 | 4 |
_aNovela mexicana _94557 |
|
| 905 | _aLibro | ||
| 999 |
_c117977 _d117977 |
||